Calendrier 2023 de Formule 1 - Statistiques

Statistiques générales
  • Ce quiz a été pris 160 fois
  • Le résultat moyen est 17 sur 20
Statistiques - réponses
Réponse % Correct
Etats-Unis
95%
Italie
94%
Australie
93%
Espagne
92%
Japon
91%
Belgique
90%
Bahreïn
89%
Grande-Bretagne
89%
Monaco
89%
Arabie Saoudite
88%
Brésil
86%
Canada
84%
Mexique
84%
Pays-Bas
82%
Qatar
79%
Autriche
78%
Hongrie
74%
Emirats arabes unis
70%
Singapour
69%
Azerbaïdjan
63%
Aucun quiz correspondant
Distribution des résultats
% des personnes avec chaque résultat
Percentile par nombre de réponses
Votre historique - résultats
Vous n’avez pas pris ce quiz